Cẩm nang điều trị và chăm sóc bệnh nhân ung thư

Quyển sách gồm 4 phần để bạn đọc tham khảo chăm sóc, điều trị bệnh nhân ung thư; Phải xử lý bệnh nhân ung thư như thế nào, cấp cứu bệnh nhân ung thư, những vấn đề nảy sinh trong thực hành, điều trị một số bệnh ung thư....

وصف كامل

محفوظ في:
التفاصيل البيبلوغرافية
المؤلف الرئيسي: Lê, Văn Phú
التنسيق: كتاب
اللغة:Undetermined
منشور في: Hà Nội Y học 2007
الموضوعات:
الوسوم: إضافة وسم
لا توجد وسوم, كن أول من يضع وسما على هذه التسجيلة!
Thư viện lưu trữ: Trung tâm Học liệu Trường Đại học Cần Thơ
LEADER 00890nam a2200205Ia 4500
001 CTU_124304
008 210402s9999 xx 000 0 und d
020 |c 30000 
082 |a 616.994 
082 |b Ph500 
100 |a Lê, Văn Phú 
245 0 |a Cẩm nang điều trị và chăm sóc bệnh nhân ung thư 
245 0 |c Lê Văn Phú 
260 |a Hà Nội 
260 |b Y học 
260 |c 2007 
520 |a Quyển sách gồm 4 phần để bạn đọc tham khảo chăm sóc, điều trị bệnh nhân ung thư; Phải xử lý bệnh nhân ung thư như thế nào, cấp cứu bệnh nhân ung thư, những vấn đề nảy sinh trong thực hành, điều trị một số bệnh ung thư. 
650 |a Cancer 
904 |i Năm 
980 |a Trung tâm Học liệu Trường Đại học Cần Thơ